Vlaggen met Unieke Verhoudingen - Statistieken

Algemene statistieken
  • Deze quiz is 68 keer genomen
  • De gemiddelde score is 13 van 15
Antwoordstatistieken
Foto Hint Antwoord % Correct
4:5 Monaco
100%
13:15 België
98%
7:11 Estland
98%
11:18 Finland
98%
11:28 Qatar
95%
28:37 Denemarken
94%
18:25 IJsland
94%
≈50:41 Nepal
94%
16:25 Cambodja
92%
11:20 Paraguay
92%
10:17 Kaapverdië
81%
6:7 Niger
81%
189:335 El Salvador
71%
15:22 Bolivia
65%
1:φ (≈1:1.618) Togo
63%
Geen overeenkomende quizzen gevonden
Scoreverdeling
Procent van Mensen met Elke Score
Percentiel versus Aantal Correcte Antwoorden
Uw Scoregeschiedenis
U heeft deze quiz nog niet genomen